000 00913cam a2200301 a 4500
001 000017453
005 20200929165123.0
008 901206s1995 sp 000 1 spa d
020 _a8440611218
040 _aDO-SdBNP
_bspa
_dBNPHU
082 _a861.44
_bA887ó, 1995
100 1 _aAtxaga, Bernardo,
_d1951-
_938164
245 1 0 _aObabakoak /
_cBernardo Atxaga ; prólogo de Ibon Sarasola.
250 _a11a ed.
260 _aBarcelona, España :
_bEdiciones B,
_c1995.
300 _a379 p. ;
_c22 cm.
490 1 _aTiempos modernos
586 _aPremio Nacional de Literatura
586 _aPremio de la Crítica
586 _aPremio Euskadi
650 4 _aCuentos españoles
_93194
650 4 _aNovela española
_91123
650 4 _aLiteratura española
_9632
700 1 _aSarasola, Ibon
_epról.
_938165
830 0 _aTiempos modernos
_927645
910 _aCatalogación derivada
049 _aBNGR
999 _c16978
_d16978